| 000 | 00615nam a2200229 a 4500 | ||
|---|---|---|---|
| 001 | BRCA_7204 | ||
| 005 | 20190320205741.0 | ||
| 008 | 160112s19481944nyu#######---#000-0#eng-# | ||
| 041 | _aeng | ||
| 044 | _anyu | ||
| 050 | 4 |
_aBF575 _b.C37 1948 |
|
| 100 | 1 |
_aCarnegie, Dale _d1888-1955. _917850 |
|
| 245 | 1 | 0 |
_aHow to stop worrying and start living _cDale Carnegie. |
| 260 |
_aNueva York _bSimon & Shuster _c1948, c1944 |
||
| 300 |
_axv, 306 p. _c21 cm. |
||
| 500 | _aIncluye índice alfabético | ||
| 500 | _aP99 | ||
| 650 | 1 | 4 |
_aPreocupación _917851 |
| 650 | 1 | 4 |
_aExito _910808 |
| 902 | _aGFM | ||
| 942 |
_2lcc _cB |
||
| 999 |
_c6885 _d6885 |
||